=LDR 00000nam 2200000 4500 =001 INLIS000000000051235 =005 20170905080131 =035 ##$$a 0010-0917000039 =007 ta =008 170905###########################0###### =020 ##$$a 978-602-98174-6-1 =082 ##$$a 372.21 =084 ##$$a 372.21 KEE a =100 #$$a Keen Achroni =245 1#$$a Anak Kreatif : Seri Transportasi /$c Keen Achroni =260 ##$$a Yogyakarta :$b Javalitera,$c [ s a.] =300 ##$$a 24 hlm : $b ilus. ; $c 28 cm =650 ##$$a Taman Kanak-Kanak =990 ##$$a 1025010250 =990 ##$$a 1025010250 =990 ##$$a 1025010250 =990 ##$$a 1025010250 =990 ##$$a 1025010250 =990 ##$$a 21702091 =990 ##$$a 01201710250 =990 ##$$a 01201710251 =990 ##$$a 01201710252 =990 ##$$a 01201710253 =990 ##$$a 21702092 =990 ##$$a 01201710250 =990 ##$$a 01201710251 =990 ##$$a 01201710252 =990 ##$$a 21702091 =990 ##$$a 21702093 =990 ##$$a 01201710250 =990 ##$$a 01201710251 =990 ##$$a 21702092 =990 ##$$a 21702091 =990 ##$$a 21702094 =990 ##$$a 01201710250 =990 ##$$a 21702093 =990 ##$$a 21702092 =990 ##$$a 21702091 =990 ##$$a 21702095 =990 ##$$a 21702094 =990 ##$$a 21702093 =990 ##$$a 21702092 =990 ##$$a 21702091